00673nam a2200205Ia 4500003000400000008004100004020002600045040000800071100001700079245007700096260003500173300001400208365001100222901002100233902003600254903005800290942001200348952009000360999001700450LDD181029s9999 xx 000 0 und d a9781851687428c695.00 cLDD aDyer, Gwynne 0aClimate warsbthe fight for survival as the world overheatscGwynne Dyer aEnglandbOneworld Oxfordc2011 axv, 297p. b695.00 a7741b27-09-2011 a10373b29-09-2011cFdUPPALe32 aDiscount-15bReqst by : S.V.Reddy  2ddccBK 00102ddc4070998526aLDDbLDDl0o327.16 D988Cp081861r2018-11-01w2018-11-01yBK c98527d98527